000 00506nam a2200145Ia 4500
008 100415s9999 xx 000 0 und d
082 _b4184
_a500
100 _aP.N.I
245 _aProceedings Of The National Institute Of Sciences Of India Vol.20
260 _aCalcatta
_c1954
_bNational Institute Of Sciences
365 _b0
630 _aProceedings Of The National Institute Of Sciences Of India Vol.20
730 _aProceedings Of The National Institute Of Sciences Of India Vol.20
942 _cBOOK
999 _c587169
_d587166